[Event "Aeroflot Open 2016"]
[Site "Moscu RUS"]
[Date "2016.03.07"]
[Round "7.22"]
[White "Salem, A.R. Saleh"]
[Black "Azarov, Sergei"]
[Result "1-0"]
[WhiteElo "2615"]
[BlackElo "2599"]
[PlyCount "63"]
[EventDate "2016.03.01"]
[EventType "swiss"]
[EventRounds "9"]
[EventCountry "RUS"]
[Source "lmi"]
[SourceDate "2016.03.01"]

1. e4 e5 2. Nf3 Nc6 3. Bb5 a6 4. Ba4 Nf6 5. d3 d6 6. c3 g6 7. O-O Bg7 8. Re1
O-O 9. Nbd2 b5 10. Bc2 Bb7 11. a4 Re8 12. b4 Qd7 13. Nb3 Rab8 14. h3 Nd8 15.
Be3 Ne6 16. axb5 axb5 17. Ra7 Nd8 18. Na5 Ba8 19. Bb3 Nc6 20. Nxc6 Bxc6 21. Qc2
h6 22. Qd2 Kh7 23. Rea1 d5 24. R1a6 Bb7 25. Ra5 Qc6 26. Rxb5 Qxb5 27. Ba4 Qxa4
28. Rxa4 dxe4 29. dxe4 Bc6 30. Ra7 Nxe4 31. Qa2 Re7 32. Qc4 1-0

[Event "Aeroflot Open 2016"]
[Site "Moscu RUS"]
[Date "2016.03.07"]
[Round "7.23"]
[White "Bok, Benjamin"]
[Black "Sandipan, Chanda"]
[Result "1/2-1/2"]
[WhiteElo "2611"]
[BlackElo "2577"]
[PlyCount "120"]
[EventDate "2016.03.01"]
[EventType "swiss"]
[EventRounds "9"]
[EventCountry "RUS"]
[Source "lmi"]
[SourceDate "2016.03.01"]

1. d4 d5 2. c4 c6 3. Nf3 Nf6 4. e3 Bg4 5. h3 Bh5 6. g4 Bg6 7. Ne5 Nbd7 8. Nxg6
hxg6 9. Bg2 dxc4 10. Nd2 e5 11. Nxc4 exd4 12. Qxd4 Nc5 13. Qxd8+ Rxd8 14. Ke2
Nfe4 15. Nd2 f5 16. gxf5 gxf5 17. Nxe4 Nxe4 18. Bxe4 fxe4 19. Bd2 Rd5 20. Rag1
Rh4 21. Bc3 g5 22. Rg4 Be7 23. Rxh4 gxh4 24. Rg1 Rg5 25. Rxg5 Bxg5 26. f3 exf3+
27. Kxf3 Kf7 28. e4 c5 29. b3 b5 30. e5 Ke6 31. Ke4 Bd8 32. Be1 a6 33. Bf2 c4
34. bxc4 bxc4 35. Be1 Bc7 36. Bc3 Bb8 37. a3 Bc7 38. a4 Bb8 39. Be1 Bxe5 40.
Bxh4 Kd6 41. Bg5 Bg7 42. h4 Kc5 43. Be7+ Kc6 44. Bb4 Bf6 45. h5 Bg7 46. Ba3 Kb6
47. Bb4 Kc6 48. Be7 Kb6 49. Bd8+ Kc6 50. Bh4 Kc5 51. Be7+ Kb6 52. Bd8+ Kc6 53.
Ba5 Kc5 54. Ke3 Bh6+ 55. Ke4 Bg7 56. Be1 c3 57. Kd3 Kb4 58. Kc2 a5 59. h6 Bxh6
60. Bxc3+ Kxa4 1/2-1/2

[Event "Aeroflot Open 2016"]
[Site "Moscu RUS"]
[Date "2016.03.07"]
[Round "7.24"]
[White "Savchenko, Boris"]
[Black "Van Foreest, Jorden"]
[Result "1-0"]
[WhiteElo "2610"]
[BlackElo "2557"]
[PlyCount "47"]
[EventDate "2016.03.01"]
[EventType "swiss"]
[EventRounds "9"]
[EventCountry "RUS"]
[Source "lmi"]
[SourceDate "2016.03.01"]

1. e4 c5 2. Nf3 e6 3. c3 Nf6 4. e5 Nd5 5. d4 cxd4 6. cxd4 d6 7. Bc4 Be7 8. O-O
O-O 9. Qe2 b6 10. Rd1 Bb7 11. Bxd5 exd5 12. Nc3 Na6 13. Nb5 Nc7 14. Nxc7 Qxc7
15. Bg5 Rfe8 16. Rac1 Qd7 17. Bxe7 Qxe7 18. Rc3 Bc8 19. h3 Bf5 20. Rdc1 dxe5
21. dxe5 h6 22. Nd4 Qxe5 23. Qxe5 Rxe5 24. f4 1-0

[Event "Aeroflot Open 2016"]
[Site "Moscu RUS"]
[Date "2016.03.07"]
[Round "7.25"]
[White "Petrosian, Tigran L"]
[Black "Esipenko, Andrey"]
[Result "1-0"]
[WhiteElo "2607"]
[BlackElo "2445"]
[PlyCount "73"]
[EventDate "2016.03.01"]
[EventType "swiss"]
[EventRounds "9"]
[EventCountry "RUS"]
[Source "lmi"]
[SourceDate "2016.03.01"]

1. Nf3 d5 2. g3 g6 3. Bg2 Bg7 4. d4 Nf6 5. c4 c6 6. cxd5 cxd5 7. Nc3 O-O 8. Ne5
e6 9. O-O Nfd7 10. f4 Nc6 11. Be3 Ne7 12. Bf2 Nb6 13. e4 dxe4 14. Bxe4 Nbd5 15.
Qb3 b6 16. Nxd5 Nxd5 17. Nc6 Qd6 18. Bxd5 exd5 19. Qxd5 Qf6 20. b4 a6 21. a4
Bf5 22. Rfe1 Rae8 23. b5 axb5 24. axb5 h5 25. Re5 Re6 26. Ra7 Rd6 27. Qc4 Rd7
28. Rxd7 Bxd7 29. d5 Ra8 30. Bxb6 g5 31. Bd4 Qd6 32. Rxg5 f6 33. Bc5 Ra1+ 34.
Kf2 Ra2+ 35. Ke1 Ra1+ 36. Kd2 Ra4 37. Qc2 1-0

[Event "Aeroflot Open 2016"]
[Site "Moscu RUS"]
[Date "2016.03.07"]
[Round "7.27"]
[White "Socko, Bartosz"]
[Black "Pourramezanali, Amirreza"]
[Result "1-0"]
[WhiteElo "2587"]
[BlackElo "2506"]
[PlyCount "87"]
[EventDate "2016.03.01"]
[EventType "swiss"]
[EventRounds "9"]
[EventCountry "RUS"]
[Source "lmi"]
[SourceDate "2016.03.01"]

1. e4 e6 2. d4 d5 3. Nd2 Be7 4. Bd3 c5 5. dxc5 Nf6 6. exd5 Qxd5 7. Ngf3 Nbd7 8.
b4 b6 9. Qe2 bxc5 10. b5 Bb7 11. Bb2 O-O 12. O-O Rfd8 13. Rfd1 Nb6 14. a4 Qh5
15. Ne5 Qxe2 16. Bxe2 a5 17. Nec4 Nfd7 18. Bc3 Bf6 19. Bxa5 Bxa1 20. Rxa1 Nxc4
21. Nxc4 Rdc8 22. Bc3 Bd5 23. a5 Kf8 24. Ne3 Bb7 25. a6 Be4 26. f3 Bd5 27. Rd1
Nb6 28. Ba5 Rab8 29. c4 Ba8 30. Rd6 Na4 31. f4 Ke7 32. Rd2 Nb6 33. f5 Rd8 34.
Ra2 Rd6 35. fxe6 fxe6 36. Ng4 Rd4 37. Ne5 Kd6 38. Bxb6 Rxb6 39. Bf3 Bxf3 40.
Nxf3 Rd1+ 41. Kf2 Rb8 42. b6 Kc6 43. b7 Rf8 44. Rb2 1-0

[Event "Aeroflot Open 2016"]
[Site "Moscu RUS"]
[Date "2016.03.07"]
[Round "7.28"]
[White "Aravindh, Chithambaram VR"]
[Black "Kunin, Vitaly"]
[Result "1-0"]
[WhiteElo "2506"]
[BlackElo "2584"]
[PlyCount "91"]
[EventDate "2016.03.01"]
[EventType "swiss"]
[EventRounds "9"]
[EventCountry "RUS"]
[Source "lmi"]
[SourceDate "2016.03.01"]

1. e4 c5 2. Nf3 Nf6 3. e5 Nd5 4. Nc3 Nxc3 5. dxc3 Nc6 6. Bf4 Qb6 7. b3 Qc7 8.
Qd2 e6 9. O-O-O h6 10. h4 b6 11. Qe3 Bb7 12. Nd2 Ne7 13. Nc4 Nd5 14. Qg3 b5 15.
Nd6+ Bxd6 16. exd6 Qa5 17. Be5 O-O-O 18. c4 Nb4 19. cxb5 f6 20. Bc3 Nxa2+ 21.
Kb2 Qxc3+ 22. Qxc3 Nxc3 23. Kxc3 g5 24. f3 Rhg8 25. hxg5 hxg5 26. Be2 f5 27. b4
cxb4+ 28. Kxb4 g4 29. c4 gxf3 30. Bxf3 Bxf3 31. gxf3 Kb7 32. Rh7 Rg2 33. c5
Rb2+ 34. Kc4 Rc2+ 35. Kd4 e5+ 36. Kd5 e4 37. fxe4 fxe4 38. c6+ Kc8 39. Kxe4 Rc5
40. Ra1 Rxb5 41. Rxa7 Re8+ 42. Re7 Rb4+ 43. Kd3 Rb3+ 44. Kc2 Rxe7 45. Ra8+ Rb8
46. dxe7 1-0

[Event "Aeroflot Open 2016"]
[Site "Moscu RUS"]
[Date "2016.03.07"]
[Round "7.29"]
[White "Lei, Tingjie"]
[Black "Demchenko, Anton"]
[Result "1/2-1/2"]
[WhiteElo "2495"]
[BlackElo "2583"]
[PlyCount "119"]
[EventDate "2016.03.01"]
[EventType "swiss"]
[EventRounds "9"]
[EventCountry "RUS"]
[Source "lmi"]
[SourceDate "2016.03.01"]

1. Nf3 Nf6 2. g3 g6 3. b3 Bg7 4. Bb2 O-O 5. Bg2 d6 6. d4 Nbd7 7. O-O Re8 8. c4
e5 9. dxe5 Ng4 10. Nc3 dxe5 11. h3 Nh6 12. Ne1 e4 13. Qc1 f5 14. f3 exf3 15.
exf3 c6 16. Nd3 Nf6 17. Rd1 Nf7 18. Kh2 Qc7 19. Qf4 Qxf4 20. Nxf4 Ne5 21. Nfe2
Be6 22. Kg1 Bf7 23. Rd2 Rad8 24. Rxd8 Rxd8 25. Rd1 Re8 26. Ba3 Ned7 27. Kf1 h6
28. f4 a5 29. Bf3 Bf8 30. Bxf8 Kxf8 31. Na4 b5 32. cxb5 cxb5 33. Nac3 b4 34.
Nb5 Nc5 35. Rd4 Nfe4 36. g4 Rb8 37. Na7 Rb6 38. gxf5 gxf5 39. Nc8 Rf6 40. Rd8+
Kg7 41. Ne7 a4 42. Nd4 axb3 43. axb3 Nd2+ 44. Kg2 Nxf3 45. Kxf3 Nxb3 46. Nexf5+
Kh7 47. Rb8 Bd5+ 48. Ke3 Nxd4 49. Nxd4 Ra6 50. f5 Ra8 51. Rxb4 Re8+ 52. Kd3 Re5
53. h4 Be4+ 54. Ke3 Bd5+ 55. Kf2 Re4 56. Kg3 Re3+ 57. Kf2 Re4 58. Kg3 Re3+ 59.
Kf2 Re4 60. Kg3 1/2-1/2

[Event "Aeroflot Open 2016"]
[Site "Moscu RUS"]
[Date "2016.03.07"]
[Round "7.30"]
[White "Igonin, Temur"]
[Black "Wagner, Dennis"]
[Result "1/2-1/2"]
[WhiteElo "2470"]
[BlackElo "2583"]
[PlyCount "134"]
[EventDate "2016.03.01"]
[EventType "swiss"]
[EventRounds "9"]
[EventCountry "RUS"]
[Source "lmi"]
[SourceDate "2016.03.01"]

1. e4 e5 2. Nf3 Nc6 3. Bc4 Bc5 4. O-O Nf6 5. d3 a6 6. c3 d6 7. Bb3 O-O 8. Re1
h6 9. Nbd2 Be6 10. Nf1 Bxb3 11. Qxb3 Re8 12. Be3 Bxe3 13. Nxe3 Qd7 14. a4 Ne7
15. Rad1 Ng6 16. Nf5 b5 17. axb5 Qxb5 18. Qa3 a5 19. d4 exd4 20. N3xd4 Qb6 21.
f3 Rab8 22. Ne3 Ne5 23. Rd2 g6 24. Ra1 d5 25. Qxa5 c5 26. Qxb6 Rxb6 27. Ne2
dxe4 28. fxe4 Nxe4 29. Rc2 Reb8 30. Ra2 Rd8 31. Nf4 Nc4 32. Nfd5 Nxe3 33. Nxe3
Rd3 34. Re2 Re6 35. Nc2 Nxc3 36. Ra8+ Kg7 37. Rxe6 fxe6 38. bxc3 Rd1+ 39. Kf2
Rd2+ 40. Kf3 Rxc2 41. Ra3 Kf6 42. h4 Ke5 43. g4 Kd5 44. Rb3 g5 45. h5 Rh2 46.
Rb8 Rh3+ 47. Kg2 Rxc3 48. Rh8 Rc4 49. Kg3 Ra4 50. Rxh6 c4 51. Rg6 c3 52. Rxg5+
Kd4 53. h6 Ra8 54. Rh5 c2 55. Rh1 Ke5 56. Rc1 Rc8 57. h7 Rh8 58. Rxc2 Kf6 59.
Rc7 Kg6 60. Re7 Rxh7 61. Rxe6+ Kg5 62. Re5+ Kg6 63. Ra5 Rb7 64. Ra6+ Kg5 65.
Ra5+ Kg6 66. Ra6+ Kg5 67. Ra5+ Kg6 1/2-1/2

[Event "Aeroflot Open 2016"]
[Site "Moscu RUS"]
[Date "2016.03.07"]
[Round "7.31"]
[White "Lorparizangeneh, Shahin"]
[Black "Antipov, Mikhail Al"]
[Result "1/2-1/2"]
[WhiteElo "2449"]
[BlackElo "2573"]
[PlyCount "80"]
[EventDate "2016.03.01"]
[EventType "swiss"]
[EventRounds "9"]
[EventCountry "RUS"]
[Source "lmi"]
[SourceDate "2016.03.01"]

1. d4 d6 2. e4 g6 3. c4 Bg7 4. Nc3 c6 5. Be3 Nf6 6. f3 a6 7. a4 a5 8. Bd3 e5 9.
Nge2 exd4 10. Nxd4 O-O 11. O-O Re8 12. Qd2 Na6 13. Rad1 Nc5 14. Bc2 Qb6 15. Nb3
Nfd7 16. Nxc5 Nxc5 17. b3 Nxb3 18. Bxb6 Nxd2 19. Rxd2 Bxc3 20. Rxd6 Bb4 21. c5
Re5 22. Rd8+ Kg7 23. Rb1 Bxc5+ 24. Kf1 Bxb6 25. Rxb6 Kf6 26. Bb3 Ke7 27. Rh8
Kd6 28. Bxf7 Re7 29. Ba2 Kc7 30. Rb2 b6 31. Bc4 Bb7 32. Rxa8 Bxa8 33. Ke2 c5
34. Bb5 Bc6 35. Bxc6 Kxc6 36. Ke3 Rd7 37. Rd2 Rxd2 38. Kxd2 b5 39. axb5+ Kxb5
40. Kc3 c4 1/2-1/2

[Event "Aeroflot Open 2016"]
[Site "Moscu RUS"]
[Date "2016.03.07"]
[Round "7.33"]
[White "Kovalev, Vladislav"]
[Black "Gasanov, Eldar"]
[Result "1-0"]
[WhiteElo "2560"]
[BlackElo "2503"]
[PlyCount "81"]
[EventDate "2016.03.01"]
[EventType "swiss"]
[EventRounds "9"]
[EventCountry "RUS"]
[Source "lmi"]
[SourceDate "2016.03.01"]

1. e4 e5 2. Nf3 Nc6 3. Bc4 Nf6 4. Ng5 d5 5. exd5 Na5 6. Bb5+ c6 7. dxc6 bxc6 8.
Bd3 Nd5 9. Nf3 Bd6 10. O-O O-O 11. Re1 f5 12. Nxe5 Qf6 13. Nc4 Nxc4 14. Bxc4
Bxh2+ 15. Kxh2 Qh4+ 16. Kg1 Qxc4 17. d3 Qh4 18. Nd2 f4 19. Nf3 Qh5 20. c4 Nc7
21. Re5 Qg6 22. Qe1 h6 23. Re7 Ne6 24. Qe5 Qf6 25. Qxf6 Rxf6 26. Re8+ Kf7 27.
Rh8 Bb7 28. Rxa8 Bxa8 29. d4 g5 30. Bd2 Ng7 31. Ne5+ Ke8 32. Bb4 Ne6 33. Re1
Kd8 34. d5 cxd5 35. cxd5 Nc7 36. Nc6+ Bxc6 37. Be7+ Kd7 38. Bxf6 Nxd5 39. Bg7
h5 40. Re5 g4 41. Rxh5 1-0

[Event "Aeroflot Open 2016"]
[Site "Moscu RUS"]
[Date "2016.03.07"]
[Round "7.34"]
[White "Bindrich, Falko"]
[Black "Swayams, Mishra"]
[Result "1-0"]
[WhiteElo "2557"]
[BlackElo "2470"]
[PlyCount "81"]
[EventDate "2016.03.01"]
[EventType "swiss"]
[EventRounds "9"]
[EventCountry "RUS"]
[Source "lmi"]
[SourceDate "2016.03.01"]

1. d4 Nf6 2. c4 e6 3. Nc3 Bb4 4. Qc2 O-O 5. Nf3 c5 6. dxc5 Na6 7. g3 Nxc5 8.
Bg2 b6 9. O-O Bb7 10. Nb5 Be4 11. Qd1 Nb7 12. a3 Be7 13. Bf4 a6 14. Nc3 Bc6 15.
b4 Rc8 16. Rc1 d6 17. Qb3 Qe8 18. Be3 Bd8 19. Rfd1 Ne4 20. Nxe4 Bxe4 21. Qb2 f5
22. Ne1 Bxg2 23. Nxg2 Qa4 24. Nf4 Re8 25. Qa2 Kf7 26. Nd3 Bc7 27. Nb2 Qc6 28.
Qb3 b5 29. Nd3 Rf8 30. cxb5 Qxb5 31. Nf4 Qd7 32. Qc4 a5 33. Nd5 exd5 34. Qxd5+
Kg6 35. Qxb7 axb4 36. axb4 Rf7 37. Bf4 Rb8 38. Qxc7 Qxc7 39. Rxc7 Rxc7 40.
Rxd6+ Kf7 41. Rd5 1-0

[Event "Aeroflot Open 2016"]
[Site "Moscu RUS"]
[Date "2016.03.07"]
[Round "7.35"]
[White "Shyam, Sundar M"]
[Black "Wang, Yiye"]
[Result "1/2-1/2"]
[WhiteElo "2523"]
[BlackElo "2445"]
[PlyCount "91"]
[EventDate "2016.03.01"]
[EventType "swiss"]
[EventRounds "9"]
[EventCountry "RUS"]
[Source "lmi"]
[SourceDate "2016.03.01"]

1. Nf3 Nf6 2. g3 b6 3. Bg2 Bb7 4. O-O c5 5. d3 d5 6. Nbd2 e6 7. e4 Be7 8. e5
Nfd7 9. c4 Nc6 10. cxd5 exd5 11. Re1 Nf8 12. d4 Ne6 13. dxc5 bxc5 14. Nf1 Qd7
15. Ne3 Rd8 16. Nf5 O-O 17. h4 Kh8 18. Nxe7 Nxe7 19. Ng5 h6 20. Qh5 Kg8 21. Nf3
d4 22. Qg4 Kh8 23. Bd2 Bd5 24. Qh5 Kg8 25. Nh2 Bxg2 26. Kxg2 Qd5+ 27. Qf3 Qxf3+
28. Nxf3 Nd5 29. Rec1 Nb6 30. a4 Rd5 31. b4 cxb4 32. Bxb4 Rfd8 33. a5 Nd7 34.
Bd6 Ndc5 35. Ra3 Ne4 36. Be7 R8d7 37. Bb4 d3 38. a6 Rb5 39. Ra4 N4c5 40. Bxc5
Rxc5 41. Rd1 Rc3 42. Ra5 Nc5 43. h5 Rc2 44. Ne1 Rc3 45. Nf3 Rc2 46. Ne1 1/2-1/2

[Event "Aeroflot Open 2016"]
[Site "Moscu RUS"]
[Date "2016.03.07"]
[Round "7.37"]
[White "Kulaots, Kaido"]
[Black "Sarana, Alexey"]
[Result "1-0"]
[WhiteElo "2578"]
[BlackElo "2433"]
[PlyCount "49"]
[EventDate "2016.03.01"]
[EventType "swiss"]
[EventRounds "9"]
[EventCountry "RUS"]
[Source "lmi"]
[SourceDate "2016.03.01"]

1. e4 c5 2. Nf3 d6 3. d4 cxd4 4. Nxd4 Nf6 5. Nc3 a6 6. Bg5 Nbd7 7. Bc4 Qc7 8.
Bb3 Nc5 9. Bxf6 gxf6 10. O-O e6 11. f4 Nxb3 12. cxb3 Qb6 13. Kh1 Bd7 14. Rc1 h5
15. f5 Be7 16. Qd3 Rc8 17. Rcd1 Rc5 18. Qg3 Kd8 19. fxe6 fxe6 20. Na4 Qa5 21.
Nxe6+ Bxe6 22. Rxd6+ Bd7 23. Nxc5 Qxc5 24. Rd5 Qc7 25. Qg7 1-0

[Event "Aeroflot Open 2016"]
[Site "Moscu RUS"]
[Date "2016.03.07"]
[Round "7.38"]
[White "Maiorov, Nikita"]
[Black "Karavade, Eesha"]
[Result "1/2-1/2"]
[WhiteElo "2558"]
[BlackElo "2395"]
[PlyCount "51"]
[EventDate "2016.03.01"]
[EventType "swiss"]
[EventRounds "9"]
[EventCountry "RUS"]
[Source "lmi"]
[SourceDate "2016.03.01"]

1. d4 Nf6 2. c4 e6 3. Nf3 d5 4. e3 b6 5. Bd3 Bb7 6. O-O Nbd7 7. b3 Bd6 8. Bb2
O-O 9. Nc3 a6 10. Rc1 Qe7 11. Rc2 Ne4 12. Ne2 f5 13. Ne5 Bxe5 14. dxe5 Ndc5 15.
Ba3 Rfd8 16. cxd5 Bxd5 17. f3 Qe8 18. Nf4 Bc6 19. fxe4 fxe4 20. Bxc5 exd3 21.
Nxd3 bxc5 22. Rd2 Bb5 23. a4 Bxd3 24. Rxd3 c4 25. bxc4 Rxd3 26. Qxd3 1/2-1/2

[Event "Aeroflot Open 2016"]
[Site "Moscu RUS"]
[Date "2016.03.07"]
[Round "7.39"]
[White "Yuffa, Daniil"]
[Black "Sivuk, Vitaly"]
[Result "1-0"]
[WhiteElo "2502"]
[BlackElo "2554"]
[PlyCount "59"]
[EventDate "2016.03.01"]
[EventType "swiss"]
[EventRounds "9"]
[EventCountry "RUS"]
[Source "lmi"]
[SourceDate "2016.03.01"]

1. Nf3 Nf6 2. c4 b6 3. g3 c5 4. Bg2 Bb7 5. O-O g6 6. d4 cxd4 7. Qxd4 Bg7 8. Nc3
O-O 9. Qh4 d6 10. Bh6 Nbd7 11. Rfd1 Rc8 12. b3 Nh5 13. Bxg7 Kxg7 14. e4 Rc5 15.
Nd5 Re8 16. Nd4 Kg8 17. Nf5 Bxd5 18. exd5 Rc7 19. Re1 Nb8 20. Re3 Nf6 21. Nh6+
Kg7 22. Rae1 Nbd7 23. g4 Nf8 24. g5 Nh5 25. Qd4+ f6 26. Bf3 Nd7 27. Bxh5 gxh5
28. Nf5+ Kf8 29. gxf6 Ne5 30. f4 1-0

[Event "Aeroflot Open 2016"]
[Site "Moscu RUS"]
[Date "2016.03.07"]
[Round "7.40"]
[White "Pichot, Alan"]
[Black "Kovalevskaya, Ekaterina"]
[Result "1/2-1/2"]
[WhiteElo "2542"]
[BlackElo "2462"]
[PlyCount "122"]
[EventDate "2016.03.01"]
[EventType "swiss"]
[EventRounds "9"]
[EventCountry "RUS"]
[Source "lmi"]
[SourceDate "2016.03.01"]

1. e4 e5 2. Nf3 Nc6 3. Bb5 a6 4. Ba4 Nf6 5. d3 d6 6. c3 Be7 7. O-O O-O 8. Re1
Bg4 9. Nbd2 Nd7 10. h3 Bh5 11. Nf1 Nc5 12. Bc2 Ne6 13. g4 Bg6 14. Ne3 Nf4 15.
Nd5 Nxh3+ 16. Kg2 Nf4+ 17. Bxf4 exf4 18. Qd2 Ne5 19. Qxf4 Nxf3 20. Qxf3 Bg5 21.
Bb3 a5 22. a4 c6 23. Nf4 Bxf4 24. Qxf4 Qb6 25. Ra3 d5 26. exd5 Bxd3 27. Qe3 Qa6
28. Qd4 Rad8 29. Raa1 cxd5 30. Bxd5 Qg6 31. Re5 h5 32. Rh1 Qxg4+ 33. Qxg4 hxg4
34. Bxb7 g6 35. Rxa5 Rb8 36. Bd5 Rxb2 37. Ra7 Be2 38. Rc1 Bf3+ 39. Bxf3 gxf3+
40. Kxf3 Rc8 41. c4 Rb4 42. c5 Rc6 43. Ke3 Kg7 44. Kd3 Kf6 45. a5 Ra4 46. Rc4
Ra2 47. f4 Ke6 48. Kc3 Ra1 49. Ra8 Rc1+ 50. Kb4 Rb1+ 51. Ka4 Rb2 52. Rb4 Rc2
53. Rb6 Rc4+ 54. Kb5 R4xc5+ 55. Ka6 Kf5 56. Rf8 Rc7 57. Rb4 R5c6+ 58. Kb5 Rc5+
59. Kb6 R5c6+ 60. Kb5 Rc5+ 61. Kb6 R5c6+ 1/2-1/2

[Event "Aeroflot Open 2016"]
[Site "Moscu RUS"]
[Date "2016.03.07"]
[Round "7.42"]
[White "Debashis, Das"]
[Black "Korchmar, Vasiliy"]
[Result "1/2-1/2"]
[WhiteElo "2471"]
[BlackElo "2450"]
[PlyCount "78"]
[EventDate "2016.03.01"]
[EventType "swiss"]
[EventRounds "9"]
[EventCountry "RUS"]
[Source "lmi"]
[SourceDate "2016.03.01"]

1. d4 d5 2. c4 c6 3. Nf3 Nf6 4. e3 Bg4 5. Qb3 Qb6 6. Nc3 e6 7. Nh4 Nbd7 8. h3
Bh5 9. g4 Bg6 10. Nxg6 hxg6 11. Bg2 g5 12. Bd2 Be7 13. O-O-O a5 14. Qxb6 Nxb6
15. cxd5 exd5 16. Kc2 O-O 17. f3 Nh7 18. f4 Rfe8 19. h4 gxf4 20. exf4 Nc4 21.
g5 Bb4 22. Rhe1 Nf8 23. f5 Nxd2 24. Kxd2 Nd7 25. a3 Bd6 26. Rh1 b5 27. Rde1 Nb6
28. Rxe8+ Rxe8 29. Kd3 Nc4 30. Nd1 Bf4 31. Rf1 Bg3 32. h5 Bh4 33. g6 Bg5 34.
Bf3 f6 35. Rf2 Re1 36. Kc2 Kf8 37. Re2 Rxe2+ 38. Bxe2 Ne3+ 39. Nxe3 Bxe3
1/2-1/2

[Event "Aeroflot Open 2016"]
[Site "Moscu RUS"]
[Date "2016.03.08"]
[Round "8.1"]
[White "Bartel, Mateusz"]
[Black "Gelfand, Boris"]
[Result "1/2-1/2"]
[WhiteElo "2625"]
[BlackElo "2735"]
[PlyCount "153"]
[EventDate "2016.03.01"]
[EventType "swiss"]
[EventRounds "9"]
[EventCountry "RUS"]
[Source "lmi"]
[SourceDate "2016.03.01"]

1. e4 c5 2. Nf3 d6 3. d4 cxd4 4. Nxd4 Nf6 5. Nc3 a6 6. Nb3 Nc6 7. Be3 e6 8. g4
b5 9. Bg2 Bb7 10. g5 Nd7 11. f4 Nb6 12. Qe2 Nc4 13. O-O-O Nxe3 14. Qxe3 Na5 15.
f5 Nc4 16. Qg3 b4 17. Na4 e5 18. Nac5 Bc6 19. Bf1 Nb6 20. Nxa6 Be7 21. f6 gxf6
22. Nxb4 Bxe4 23. Bg2 Bg6 24. Bxa8 Qxa8 25. Qf2 Nd7 26. Nd5 Qxa2 27. gxf6 Bf8
28. Qd2 h5 29. Nc3 Qa6 30. Qf2 Bh6+ 31. Kb1 O-O 32. Qe2 Qxe2 33. Nxe2 Nxf6 34.
Rxd6 Ng4 35. Nc3 Ne3 36. Rg1 Kh7 37. Rgxg6 fxg6 38. Nd2 Bf4 39. h3 g5 40. Nde4
Kg7 41. b4 g4 42. hxg4 Nxg4 43. b5 h4 44. Rd3 Ne3 45. Nf2 Rb8 46. Kb2 Kg6 47.
Kb3 Kf5 48. Rd7 Ke6 49. Rh7 Nf5 50. Nfe4 Nh6 51. Ne2 Be3 52. Kc4 h3 53. Kd3 h2
54. N2g3 Bf4 55. c4 Rd8+ 56. Ke2 Rd4 57. Kf3 Rxc4 58. b6 Rb4 59. b7 Kd5 60. Kg2
Rb2+ 61. Kh1 Ng4 62. Rg7 Rb1+ 63. Kg2 h1=Q+ 64. Nxh1 Kxe4 65. Rxg4 Rb2+ 66.
Nf2+ Ke3 67. b8=Q Rxb8 68. Rh4 Ke2 69. Rg4 Rb2 70. Rh4 Rc2 71. Rh3 Rc8 72. Rh4
Be3 73. Re4 Rg8+ 74. Ng4 Kd2 75. Kh3 Bf4 76. Nxe5 Bxe5 77. Rxe5 1/2-1/2

[Event "Aeroflot Open 2016"]
[Site "Moscu RUS"]
[Date "2016.03.08"]
[Round "8.2"]
[White "Fedoseev, Vladimir"]
[Black "Najer, Evgeniy"]
[Result "0-1"]
[WhiteElo "2664"]
[BlackElo "2664"]
[PlyCount "76"]
[EventDate "2016.03.01"]
[EventType "swiss"]
[EventRounds "9"]
[EventCountry "RUS"]
[Source "lmi"]
[SourceDate "2016.03.01"]

1. e4 c6 2. Be2 d5 3. e5 c5 4. f4 Nc6 5. Nf3 Bg4 6. O-O e6 7. d3 Nh6 8. Be3 Nf5
9. Bf2 Be7 10. Nbd2 h5 11. c3 g6 12. c4 Qd7 13. Rc1 b6 14. cxd5 exd5 15. d4 c4
16. b3 b5 17. bxc4 bxc4 18. Nxc4 dxc4 19. Rxc4 Nb4 20. Qb3 Nd5 21. Rc5 Nc7 22.
e6 fxe6 23. Ne5 Nxd4 24. Qb2 Nxe2+ 25. Kh1 Bf6 26. Nxd7 Bxb2 27. Rxc7 Rd8 28.
Rb7 Bc3 29. Nb8 Rc8 30. Nd7 Rd8 31. Nb8 Rf8 32. h3 Rxf4 33. Nc6 Rd6 34. Re7+
Kf8 35. Rc7 Bf5 36. Kh2 Rc4 37. Rc8+ Kg7 38. Rc7+ Kf6 0-1

[Event "Aeroflot Open 2016"]
[Site "Moscu RUS"]
[Date "2016.03.08"]
[Round "8.6"]
[White "Jumabayev, Rinat"]
[Black "Vallejo Pons, Francisco"]
[Result "1-0"]
[WhiteElo "2607"]
[BlackElo "2677"]
[PlyCount "81"]
[EventDate "2016.03.01"]
[EventType "swiss"]
[EventRounds "9"]
[EventCountry "RUS"]
[Source "lmi"]
[SourceDate "2016.03.01"]

1. d4 d5 2. c4 c6 3. Nf3 Nf6 4. e3 Bf5 5. Nc3 e6 6. Nh4 Be4 7. f3 Bg6 8. Qb3
Qc7 9. Bd2 Be7 10. Rc1 Nbd7 11. g3 Nb6 12. cxd5 exd5 13. Kf2 Qd7 14. Ng2 Bd6
15. Nf4 O-O 16. h4 Nh5 17. Nxh5 Bxh5 18. g4 Bxg4 19. fxg4 Qxg4 20. Ne2 Nc4 21.
Rxc4 dxc4 22. Qxc4 Be7 23. Ke1 Bxh4+ 24. Kd1 Rae8 25. Qd3 h6 26. Kc2 Bg5 27.
Nc3 b5 28. Be2 Qe6 29. Bf3 a5 30. d5 cxd5 31. Bxd5 Qb6 32. Ne4 Be7 33. Bc3 Qg6
34. Nf6+ Qxf6 35. Bxf6 Bxf6 36. Rf1 Bg5 37. e4 Rc8+ 38. Kb1 Kh8 39. Qxb5 f5 40.
e5 f4 41. a3 1-0

[Event "Aeroflot Open 2016"]
[Site "Moscu RUS"]
[Date "2016.03.08"]
[Round "8.9"]
[White "Sjugirov, Sanan"]
[Black "Sasikiran, Krishnan"]
[Result "1/2-1/2"]
[WhiteElo "2667"]
[BlackElo "2637"]
[PlyCount "140"]
[EventDate "2016.03.01"]
[EventType "swiss"]
[EventRounds "9"]
[EventCountry "RUS"]
[Source "lmi"]
[SourceDate "2016.03.01"]

1. e4 e5 2. Nf3 Nc6 3. Bb5 a6 4. Ba4 Nf6 5. O-O Be7 6. Re1 b5 7. Bb3 O-O 8. a4
b4 9. d3 d6 10. h3 Be6 11. Bxe6 fxe6 12. Nbd2 Qe8 13. c3 Rb8 14. d4 bxc3 15.
bxc3 exd4 16. cxd4 Nb4 17. e5 Nfd5 18. Ne4 Qg6 19. Ra3 Nf4 20. Bxf4 Rxf4 21.
exd6 cxd6 22. Qb1 a5 23. Ned2 Qxb1 24. Rxb1 Rc8 25. Re3 Kf7 26. Rbe1 Nc2 27.
Rc1 Rc6 28. g3 Rf5 29. Nb3 Bf6 30. Rd3 Rd5 31. Kg2 h5 32. Rd2 Nb4 33. Rxc6 Nxc6
34. Kf1 Rf5 35. Ke2 g5 36. Rc2 g4 37. hxg4 hxg4 38. Nh4 Bxh4 39. Rxc6 Be7 40.
Ra6 Rf3 41. Nxa5 Rc3 42. Rc6 Ra3 43. Rc7 Ke8 44. Nc6 Bd8 45. Ra7 Bf6 46. a5 Rc3
47. Rc7 Bxd4 48. Kd2 Rc4 49. Kd3 d5 50. Re7+ Kf8 51. Rxe6 Bc5 52. Ne5 Rd4+ 53.
Kc3 Ra4 54. Nd7+ Kf7 55. Nxc5 Rc4+ 56. Kd3 Rxc5 57. Ra6 Rb5 58. Ra7+ Kg6 59.
Kd4 Rb2 60. a6 Rxf2 61. Rd7 Ra2 62. a7 Ra5 63. Kc3 Kf6 64. Kb4 Ra1 65. Kc5 Ke5
66. Rxd5+ Ke4 67. Rd7 Kf3 68. Kb4 Kg2 69. Rc7 Kh3 70. Re7 Kg2 1/2-1/2

[Event "Aeroflot Open 2016"]
[Site "Moscu RUS"]
[Date "2016.03.08"]
[Round "8.10"]
[White "Wen, Yang"]
[Black "Zvjaginsev, Vadim"]
[Result "0-1"]
[WhiteElo "2609"]
[BlackElo "2662"]
[PlyCount "82"]
[EventDate "2016.03.01"]
[EventType "swiss"]
[EventRounds "9"]
[EventCountry "RUS"]
[Source "lmi"]
[SourceDate "2016.03.01"]

1. g3 Nf6 2. Bg2 e5 3. c4 c6 4. Nf3 e4 5. Nd4 d5 6. d3 Bc5 7. Nb3 Bb4+ 8. Bd2
Bxd2+ 9. Qxd2 dxc4 10. dxc4 Qe7 11. Nc3 O-O 12. Qf4 Re8 13. O-O-O Nbd7 14. g4
a5 15. g5 Nh5 16. Qh4 g6 17. Nxe4 a4 18. Nd4 a3 19. b3 Qe5 20. e3 c5 21. f4 Qg7
22. f5 cxd4 23. f6 Qf8 24. exd4 Nb6 25. c5 Bf5 26. Ng3 Nxg3 27. hxg3 h5 28. g4
Bxg4 29. Qxg4 hxg4 30. Rh4 Nd7 31. Rdh1 Re1+ 32. Rxe1 Nxf6 33. gxf6 Qd8 34.
Rxg4 Qxf6 35. Rf1 Qa6 36. Rgf4 Qe2 37. Bd5 Rd8 38. Bxf7+ Kg7 39. d5 Qxa2 40.
Be6 Qb2+ 41. Kd1 Qb1+ 0-1